Kniha je stále lacný luxus
Sú lídrom v predaji elektronických kníh na Slovensku a aj v klasických knihách sa držia medzi najlepšími. Z malého internetového kníhkupectva Martinus sa za vyše tri desaťročia existencie stala značka, ktorá má cveng. Aj vďaka takmer 40-miliónovému ročnému obratu a dnes už sedemnástim kamenným preda...
Salvato in:
| Autore principale: | |
|---|---|
| Altri autori: | |
| Natura: | Capitolo di libro |
| Lingua: | slovacco |
| Soggetti: | |
| Tags: |
Nessun Tag, puoi essere il primo ad aggiungerne!!
|
MARC
| LEADER | 00000naa a2200000 4500 | ||
|---|---|---|---|
| 001 | 0297152 | ||
| 005 | 20240417075254.4 | ||
| 041 | 0 | |a slo | |
| 044 | |a SK | ||
| 245 | 1 | 0 | |a Kniha je stále lacný luxus |c Rastislav Hríbik, Juraj Šlesar |
| 520 | |a Sú lídrom v predaji elektronických kníh na Slovensku a aj v klasických knihách sa držia medzi najlepšími. Z malého internetového kníhkupectva Martinus sa za vyše tri desaťročia existencie stala značka, ktorá má cveng. Aj vďaka takmer 40-miliónovému ročnému obratu a dnes už sedemnástim kamenným predajniam v krajine. Už trinásť rokov je súčasťou príbehu firmy aj marketingový riaditeľ Juraj Šlesar, s ktorým sa o súčasnej pozícii Martinusu viedol tento rozhovor. | ||
| 610 | 2 | 0 | |a knihy |
| 610 | 2 | 0 | |a predajne |
| 610 | 2 | 0 | |a efektívnosť podnikania |
| 610 | 2 | 0 | |a obchod elektronický |
| 610 | 2 | 0 | |a značky |
| 610 | 2 | 0 | |a marketing |
| 100 | 1 | |a Hríbik, Rastislav | |
| 700 | 1 | |a Šlesar, Juraj | |